Loading...

Microeconomic Theory A Mathematical Approach

Bibliographic Details
Main Author: Henderson, James, M and Quandt, Richard,E
Format: Printed Book
Language:English
Published: [s.l]: McGraw-Hill Kogakusha, Ltd, 1958.
Edition:Second Edition1958.
Subjects:
LEADER 00613nam a22001574a 4500
008 140513n ii |||gr||||Z||||||eng
100 |a Henderson, James, M and Quandt, Richard,E. 
245 1 |a Microeconomic Theory  |b A Mathematical Approach 
250 |a Second Edition1958. 
260 |a [s.l]:  |b McGraw-Hill Kogakusha, Ltd,  |c 1958. 
300 |a XVI;431p. 
630 |a Statistics, The Theory of Consumer Behavior, Multimarket Equilibrium. 
852 |t 1  |p STA07124  |a S- 14 R- 3  |b General   |f 00000 
942 |c BK 
999 |c 217661  |d 217661 
952 |0 0  |1 0  |4 0  |7 0  |9 231803  |a STA  |b STA  |d 2019-12-11  |l 0  |p STA07124  |r 2019-12-11  |t 1  |w 2019-12-11  |y BK